00321nam a2200121Ia 4500008004100000041000800041082001400049100001600063245004500079260003700124300003100161365000700192240624s9999 xx 000 0 und d aeng a005.8 DAV aDAVIS CHRIS aHACKING EXPOSED COMPUTER FORENSICS SECRE c2005aNew DelhibTata McGrawhill axxx, : 456 : p. : cm. ; 23 cRS